Heat and thermodynamics (Record no. 15981)

000 -LEADER
fixed length control field 00471nam a22001937a 4500
001 - CONTROL NUMBER
control field 15981
003 - CONTROL NUMBER IDENTIFIER
control field BD-DhUET
008 - FIXED-LENGTH DATA ELEMENTS--GENERAL INFORMATION
fixed length control field 150316b xxu||||| |||| 00| 0 eng d
040 ## - CATALOGING SOURCE
Original cataloging agency DLC
Transcribing agency DLC
Modifying agency BD-DhUET
082 ## - DEWEY DECIMAL CLASSIFICATION NUMBER
Classification number 536
Item number ROB/1962
100 ## - MAIN ENTRY--PERSONAL NAME
Personal name Roberts, J. K.
245 ## - TITLE STATEMENT
Title Heat and thermodynamics
250 ## - EDITION STATEMENT
Edition statement 5th ed.
260 ## - PUBLICATION, DISTRIBUTION, ETC. (IMPRINT)
Place of publication, distribution, etc. London
Name of publisher, distributor, etc. Blackie and Son
Date of publication, distribution, etc. 1962
300 ## - PHYSICAL DESCRIPTION
Extent xx, 619p.
650 #0 - SUBJECT ADDED ENTRY--TOPICAL TERM
Topical term or geographic name as entry element Heat and thermodynamics
700 ## - ADDED ENTRY--PERSONAL NAME
Personal name Miller, A. R.
942 ## - ADDED ENTRY ELEMENTS (KOHA)
Koha item type General Book
Holdings
Copy number Koha item type Not for loan Shelving location Koha date last seen Location (home branch) Source of classification or shelving scheme Lost status Piece designation (barcode) Koha full call number Withdrawn status Damaged status Price effective from Koha normalized classification for sorting Sublocation or collection (holding branch) Date acquired
1General Book Circulation section2015-03-16Central Library, BUET  20813536/ROR/1962  2015-03-16536_000000000000000_ROR_1962Central Library, BUET2015-03-16
2General Book Circulation section2015-03-21Central Library, BUET  1613536/ROR/1962  2015-03-21536_000000000000000_ROR_1962Central Library, BUET2015-03-21
3General Book Circulation section2017-07-16Central Library, BUET  13456536/ROB/1962  2015-03-21536_000000000000000_ROB_1962Central Library, BUET2015-03-21
4General Book Circulation section2015-03-21Central Library, BUET  13457536/ROB/1962  2015-03-21536_000000000000000_ROB_1962Central Library, BUET2015-03-21